[Event "Poznan op 23rd"]
[Site "Poznan"]
[Date "2015.08.15"]
[Round "7"]
[White "Kiwilsza, Piotr"]
[Black "Wasiak, Stanislaw"]
[Result "0-1"]
[WhiteElo "1699"]
[BlackElo "1694"]
[PlyCount "93"]
[EventDate "2015.08.10"]
[EventType "swiss"]
[EventRounds "9"]
[EventCountry "POL"]
[SourceTitle "CBM 167 Extra"]
[Source "ChessBase"]
[SourceDate "2015.09.14"]
[SourceVersion "1"]
[SourceVersionDate "2015.09.14"]
[SourceQuality "1"]

1. e4 c6 2. d4 d5 3. exd5 cxd5 4. Bd3 Nc6 5. c3 Nf6 6. Bg5 e6 7. Nf3 Be7 8. 0-0 0-0 9. Nbd2 b6 10. Re1 a5 11. a4 Ba6 12. Qe2 Bxd3 13. Qxd3 h6 14. Bf4 Bd6 15. Ne5 Bxe5 16. dxe5 Nh7 17. Bg3 Ne7 18. f4 Nf5 19. Bf2 h5 20. Qb5 Rb8 21. Nf3 Qe8 22. Qa6 Qc6 23. Nd4 Nxd4 24. Bxd4 Rfc8 25. Qe2 f6 26. h3 Qc4 27. Qd1 b5 28. axb5 Rxb5 29. Re2 Rcb8 30. Ra4 Qc7 31. Qb1 Nf8 32. Rc2 Nd7 33. Kf2 Nc5 34. Ra3 Nb3 35. Qd1 Nxd4 36. Qxd4 Rxb2 37. Rxb2 Rxb2+ 38. Kg3 Rb5 39. Kf3 Qc5 40. Qxc5 Rxc5 41. Ke3 Rc4 42. g3 a4 43. Kd3 h4 44. Ke3 hxg3 45. Kf3 g2 46. Kxg2 Rxf4 47. Kg3 0-1

[Event "Poznan op 23rd"]
[Site "Poznan"]
[Date "2015.08.14"]
[Round "5"]
[White "Kiwilsza, Piotr"]
[Black "Zatylny, Jan"]
[Result "1-0"]
[WhiteElo "1699"]
[BlackElo "1530"]
[PlyCount "111"]
[EventDate "2015.08.10"]
[EventType "swiss"]
[EventRounds "9"]
[EventCountry "POL"]
[SourceTitle "CBM 167 Extra"]
[Source "ChessBase"]
[SourceDate "2015.09.14"]
[SourceVersion "1"]
[SourceVersionDate "2015.09.14"]
[SourceQuality "1"]

1. e4 e6 2. d4 d5 3. exd5 exd5 4. Bd3 Nf6 5. Bg5 Be7 6. Ne2 0-0 7. 0-0 h6 8. Bh4 c6 9. Nd2 Re8 10. c3 Ng4 11. Bxe7 Rxe7 12. Ng3 Nf6 13. Nf5 Bxf5 14. Bxf5 Nbd7 15. Qf3 Qc7 16. Bd3 Rae8 17. h3 Nf8 18. b4 Ne6 19. Rfe1 Qf4 20. Qxf4 Nxf4 21. Rxe7 Rxe7 22. Bf1 Ne2+ 23. Bxe2 Rxe2 24. Rd1 a6 25. Kf1 Re7 26. a4 Kf8 27. Nf3 Ne4 28. Rd3 Ke8 29. a5 Kd8 30. Ng1 Nd6 31. f3 Nc4 32. Kf2 Kc7 33. Ne2 b6 34. axb6+ Kxb6 35. Ng3 g6 36. Nf1 a5 37. bxa5+ Kxa5 38. Nd2 Nb2 39. Nb3+ Kb5 40. Rd2 Na4 41. Rc2 Re6 42. Nd2 c5 43. c4+ dxc4 44. Rxc4 cxd4 45. Rxd4 Nc3 46. Ne4 Nxe4+ 47. fxe4 Re5 48. Kf3 Kc5 49. Rd7 f5 50. exf5 Rxf5+ 51. Ke4 h5 52. g4 hxg4 53. hxg4 Rf1 54. Ke5 Kc6 55. Rg7 g5 56. Rxg5 1-0

[Event "Poznan op 23rd"]
[Site "Poznan"]
[Date "2015.08.10"]
[Round "1"]
[White "Kiwilsza, Piotr"]
[Black "Schmidt, Wlodzimierz"]
[Result "0-1"]
[WhiteElo "1699"]
[BlackElo "2325"]
[PlyCount "62"]
[EventDate "2015.08.10"]
[EventType "swiss"]
[EventRounds "9"]
[EventCountry "POL"]
[SourceTitle "CBM 167 Extra"]
[Source "ChessBase"]
[SourceDate "2015.09.14"]
[SourceVersion "1"]
[SourceVersionDate "2015.09.14"]
[SourceQuality "1"]

1. e4 c5 2. Nf3 e6 3. d4 cxd4 4. Nxd4 Nc6 5. c3 d6 6. Bb5 Bd7 7. 0-0 Nf6 8. Re1 Be7 9. Nd2 0-0 10. Bd3 a6 11. N2f3 Qc7 12. Bg5 h6 13. Bh4 Ne5 14. Nxe5 dxe5 15. Ne2 Bc6 16. Qc2 Rfd8 17. f3 b5 18. Rad1 Qa7+ 19. Kh1 Ng4 20. fxg4 Bxh4 21. Rf1 Rd6 22. Rf3 Rad8 23. Rdf1 Qd7 24. Nc1 Bg5 25. Rxf7 Qxf7 26. Rxf7 Kxf7 27. g3 Bxc1 28. Qxc1 Rxd3 29. Kg2 Rd2+ 30. Kh3 Bxe4 31. Qe1 R2d4 0-1

[Event "Poznan op 22nd"]
[Site "Poznan"]
[Date "2014.08.12"]
[Round "5"]
[White "Kiwilsza, Piotr"]
[Black "Janicki, Mateusz"]
[Result "0-1"]
[WhiteElo "1749"]
[BlackElo "1347"]
[PlyCount "62"]
[EventDate "2014.08.09"]
[EventType "swiss"]
[EventRounds "9"]
[EventCountry "POL"]
[SourceTitle "CBM 161 Extra"]
[Source "ChessBase"]
[SourceDate "2014.08.29"]
[SourceVersion "1"]
[SourceVersionDate "2014.08.29"]
[SourceQuality "1"]

1. e4 c5 2. Nf3 d6 3. d4 cxd4 4. Nxd4 Nf6 5. Bd3 g6 6. 0-0 Bg7 7. c3 0-0 8. Bg5 Nc6 9. Qd2 Nd7 10. Bh6 Bxh6 11. Qxh6 Nxd4 12. cxd4 Qb6 13. Qe3 Qxb2 14. Nd2 Qb6 15. Nc4 Qd8 16. Rfb1 a6 17. a4 Rb8 18. a5 b5 19. axb6 Nxb6 20. Qc1 e5 21. d5 f5 22. exf5 Bxf5 23. Bxf5 Rxf5 24. Ne3 Rf7 25. Rxa6 Rfb7 26. g3 Kg7 27. Qc6 Rc7 28. Qb5 Nd7 29. Qf1 Rxb1 30. Qxb1 Qc8 31. Qb4 Qxa6 0-1

[Event "Poznan op 22nd"]
[Site "Poznan"]
[Date "2014.08.10"]
[Round "2"]
[White "Kiwilsza, Piotr"]
[Black "Niemier, Hubert"]
[Result "0-1"]
[WhiteElo "1749"]
[BlackElo "1427"]
[PlyCount "77"]
[EventDate "2014.08.09"]
[EventType "swiss"]
[EventRounds "9"]
[EventCountry "POL"]
[SourceTitle "CBM 161 Extra"]
[Source "ChessBase"]
[SourceDate "2014.08.29"]
[SourceVersion "1"]
[SourceVersionDate "2014.08.29"]
[SourceQuality "1"]

1. e4 c6 2. d4 d5 3. exd5 cxd5 4. Bd3 Nc6 5. c3 Qc7 6. Ne2 Bg4 7. f3 Bh5 8. Bf4 Qd7 9. 0-0 e6 10. Nd2 Bd6 11. Nb3 b6 12. Re1 Nge7 13. Qd2 Bg6 14. Bxd6 Qxd6 15. Nf4 a6 16. Re2 Nd8 17. Rae1 Bxd3 18. Nxd3 0-0 19. Ne5 f6 20. Ng4 Ng6 21. g3 Re8 22. Qd3 b5 23. Nc5 e5 24. b4 Nf7 25. Qf5 Re7 26. Kf2 Rae8 27. Re3 Qc6 28. h4 Nd6 29. Qd3 e4 30. fxe4 dxe4 31. Qc2 f5 32. h5 Nf8 33. Ne5 Rxe5 34. dxe5 Rxe5 35. a4 Nc4 36. R3e2 e3+ 37. Rxe3 Rxe3 38. Rxe3 Qg2+ 39. Kxg2 0-1

[Event "Poznan op 21st"]
[Site "Poznan"]
[Date "2013.08.09"]
[Round "3"]
[White "Korbal, Arkadiusz"]
[Black "Kiwilsza, Piotr"]
[Result "1-0"]
[WhiteElo "2140"]
[BlackElo "1742"]
[PlyCount "77"]
[EventDate "2013.08.07"]
[EventType "swiss"]
[EventRounds "9"]
[EventCountry "POL"]
[SourceTitle "CBM 155 Extra"]
[Source "ChessBase"]
[SourceDate "2013.08.26"]
[SourceVersion "1"]
[SourceVersionDate "2013.08.26"]
[SourceQuality "1"]

1. c4 e5 2. Nc3 Nf6 3. g3 d5 4. cxd5 Nxd5 5. Bg2 c6 6. Nf3 f6 7. 0-0 Be6 8. d4 Nxc3 9. bxc3 e4 10. Nd2 f5 11. e3 Qa5 12. c4 Be7 13. Nb3 Qc3 14. d5 cxd5 15. cxd5 Bf7 16. Rb1 0-0 17. Nd4 Bxd5 18. Nb5 Qc6 19. Nc7 Rd8 20. Nxd5 Rxd5 21. Qb3 Na6 22. f3 Nc5 23. Qc4 Kh8 24. Bb2 b5 25. Qc2 Qe6 26. Bd4 a6 27. g4 fxg4 28. fxe4 Rh5 29. Rf5 Qh6 30. Bxc5 Rc8 31. Bxe7 Qxe3+ 32. Qf2 Rc1+ 33. Rxc1 Qxc1+ 34. Bf1 Rxf5 35. exf5 Qc7 36. f6 g3 37. fxg7+ Kxg7 38. Qf6+ Kg8 39. Qf8# 1-0

[Event "Poznan op 21st"]
[Site "Poznan"]
[Date "2013.08.07"]
[Round "1"]
[White "Urban, Klaudiusz"]
[Black "Kiwilsza, Piotr"]
[Result "1-0"]
[WhiteElo "2449"]
[BlackElo "1742"]
[PlyCount "100"]
[EventDate "2013.08.07"]
[EventType "swiss"]
[EventRounds "9"]
[EventCountry "POL"]
[SourceTitle "CBM 155 Extra"]
[Source "ChessBase"]
[SourceDate "2013.08.26"]
[SourceVersion "1"]
[SourceVersionDate "2013.08.26"]
[SourceQuality "1"]

1. d4 d5 2. c4 e6 3. Nf3 Nf6 4. g3 Be7 5. Bg2 0-0 6. 0-0 c6 7. Nc3 Nbd7 8. b3 b6 9. Nd2 Bb4 10. Bb2 Bb7 11. a3 Bxc3 12. Bxc3 Rc8 13. e4 Ba6 14. Re1 b5 15. cxd5 cxd5 16. Bb4 Re8 17. e5 Ne4 18. Nxe4 dxe4 19. Bxe4 Nb6 20. Qd3 h6 21. Bc5 Bb7 22. Qxb5 Bxe4 23. Rxe4 Qd5 24. Re3 Nd7 25. b4 Rb8 26. Qa6 Rb7 27. Ree1 Nb6 28. Rac1 Qd7 29. Bd6 Nd5 30. Rc5 Rb6 31. Qc4 Rb7 32. Rc1 Nb6 33. Qc2 Nd5 34. h3 f5 35. Rc8 Kh7 36. Rc5 Qf7 37. Qd3 Qh5 38. Kg2 g5 39. Rxd5 exd5 40. Qxf5+ Qg6 41. Qf3 Qe6 42. Rc5 Rf7 43. Qxd5 Qf5 44. f3 g4 45. hxg4 Qg6 46. Qe4 Qxe4 47. fxe4 Kg6 48. d5 Rd7 49. Rc7 Rdd8 50. Rxa7 h5 1-0

[Event "Poznan op 21th"]
[Site "Poznan"]
[Date "2011.08.11"]
[Round "6"]
[White "Kostecki, Samuel"]
[Black "Kiwilsza, Piotr"]
[Result "0-1"]
[WhiteElo "1341"]
[BlackElo "1758"]
[PlyCount "104"]
[EventDate "2011.08.06"]
[EventType "swiss"]
[EventRounds "9"]
[EventCountry "POL"]
[SourceTitle "CBM 143 Extra"]
[Source "ChessBase"]
[SourceDate "2011.08.29"]
[SourceVersion "1"]
[SourceVersionDate "2011.08.29"]
[SourceQuality "1"]

1. d4 d5 2. c4 c6 3. Qc2 Nf6 4. g3 Bg4 5. Bg2 e6 6. Qb3 b6 7. Nf3 Nbd7 8. Bf4 Be7 9. Nc3 0-0 10. Rc1 Nh5 11. Bd2 Nhf6 12. Bf4 Ne8 13. 0-0 Bd6 14. Bxd6 Nxd6 15. cxd5 cxd5 16. h3 Bh5 17. g4 Bg6 18. Ne5 Nxe5 19. dxe5 Nc4 20. Rfd1 Qc7 21. f4 Qc5+ 22. Kh2 f5 23. Na4 Qe3 24. Qxe3 Nxe3 25. Rd3 Nxg2 26. Kxg2 fxg4 27. Rdc3 gxh3+ 28. Kg3 Be4 29. e3 Bg2 30. Rc7 Rf7 31. Rc8+ Rxc8 32. Rxc8+ Rf8 33. Rc7 Rf7 34. Rc8+ Rf8 35. Rc7 Re8 36. Nc3 Kf8 37. Ne2 Re7 38. Rc8+ Kf7 39. Ng1 Bf1 40. Nxh3 Bxh3 41. Kxh3 Kg6 42. Kg4 h6 43. a4 Rf7 44. Rc6 h5+ 45. Kh4 Kf5 46. Kxh5 g5 47. Kh6 gxf4 48. exf4 Rd7 49. b4 Re7 50. Rc1 d4 51. Rd1 Rd7 52. Rf1 d3 0-1

[Event "Poznan op 21th"]
[Site "Poznan"]
[Date "2011.08.09"]
[Round "4"]
[White "Kaluzny, Tomasz"]
[Black "Kiwilsza, Piotr"]
[Result "1-0"]
[WhiteElo "1635"]
[BlackElo "1758"]
[PlyCount "75"]
[EventDate "2011.08.06"]
[EventType "swiss"]
[EventRounds "9"]
[EventCountry "POL"]
[SourceTitle "CBM 143 Extra"]
[Source "ChessBase"]
[SourceDate "2011.08.29"]
[SourceVersion "1"]
[SourceVersionDate "2011.08.29"]
[SourceQuality "1"]

1. d4 d5 2. Nf3 Nf6 3. Bf4 Nc6 4. e3 Bg4 5. Nbd2 e6 6. Be2 Be7 7. 0-0 0-0 8. Ne5 Bxe2 9. Qxe2 Nxe5 10. Bxe5 Nd7 11. Bg3 c5 12. c3 c4 13. e4 b5 14. e5 a5 15. f4 Bh4 16. Qg4 Bxg3 17. Qxg3 f5 18. exf6 Rxf6 19. Nf3 Qc7 20. Ne5 Raf8 21. Rae1 b4 22. Qg4 Rf5 23. Nxd7 Qxd7 24. Re5 Rxe5 25. fxe5 Qe7 26. Rxf8+ Kxf8 27. Qf3+ Qf7 28. Kf2 Qxf3+ 29. Kxf3 Kf7 30. Kf4 h5 31. Kg5 g6 32. Kh6 a4 33. a3 bxa3 34. bxa3 h4 35. Kg5 Kg7 36. h3 Kh7 37. Kf6 Kh6 38. Kxe6 1-0

[Event "Poznan op 21th"]
[Site "Poznan"]
[Date "2011.08.08"]
[Round "3"]
[White "Kiwilsza, Piotr"]
[Black "Nawrocki, Przemyslaw"]
[Result "0-1"]
[WhiteElo "1758"]
[BlackElo "2059"]
[PlyCount "87"]
[EventDate "2011.08.06"]
[EventType "swiss"]
[EventRounds "9"]
[EventCountry "POL"]
[SourceTitle "CBM 143 Extra"]
[Source "ChessBase"]
[SourceDate "2011.08.29"]
[SourceVersion "1"]
[SourceVersionDate "2011.08.29"]
[SourceQuality "1"]

1. e4 c5 2. Nf3 d6 3. d4 cxd4 4. Nxd4 Nf6 5. Bd3 Nc6 6. c3 e5 7. Ne2 Be7 8. 0-0 0-0 9. Ng3 d5 10. exd5 Qxd5 11. Qc2 g6 12. Nd2 Rd8 13. Bc4 Qc5 14. b4 Rxd2 15. Bxf7+ Kxf7 16. Qb3+ Qd5 17. Bxd2 Qxb3 18. axb3 b5 19. f3 Be6 20. Rab1 Rd8 21. Rfd1 Ke8 22. Kf2 Nd5 23. Ke2 h5 24. Ne4 Bf5 25. g3 g5 26. Rb2 g4 27. Nf2 gxf3+ 28. Kxf3 e4+ 29. Ke2 e3 30. Be1 exf2 31. Kxf2 Bg4 32. Ra1 Bg5 33. Bd2 Bf6 34. Re1+ Kd7 35. Rc2 Bf5 36. Ra2 Nxc3 37. Bxc3 Bxc3 38. Rd1+ Kc7 39. Rxd8 Kxd8 40. Ke3 Bxb4 41. Kf4 Bg4 42. Ke4 a5 43. Kd5 Kd7 44. Re2 0-1